ARRUPE JESUIT UNIVERSITY

CORONAVIRUS -STOP THE SPREAD - CLEAN,DISINFECT,COVER
Normal view MARC view

Entry Topical Term

Number of records used in: 1

001 - CONTROL NUMBER

  • control field: 52133

003 - CONTROL NUMBER IDENTIFIER

  • control field: ARRUPE

005 - DATE AND TIME OF LATEST TRANSACTION

  • control field: 20221130092127.0

008 - FIXED-LENGTH DATA ELEMENTS

  • fixed length control field: 221130|| aca||aabn | a|a d

040 ## - CATALOGING SOURCE

  • Original cataloging agency: ARRUPE
  • Transcribing agency: ARRUPE

150 ## - HEADING--TOPICAL TERM

  • Topical term or geographic name as entry element: Greek language, Biblical
  • General subdivision: Dictionaries
  • General subdivision: English

670 ## - SOURCE DATA FOUND

  • Source citation: Work cat.: (ARRUPE)131610: Strong, James, 1822-1894. 24129, The New Strong's exhaustive concordance of the Bible :, c1984.

 

Arrupe Library. PO Box MP320 Mt Pleasant, Harare, Zimbabwe
263 242 745411|librarian@aju.ac.zw